Switching theory : architecture and performance in broadband ATM networks /

Bibliographic Details
Main Author: Pattavina, Achille
Format: Book
Language:English
Published: Chichester, West Sussex, England ; New York : J. Wiley, [1998]
Subjects:

MARC

Tag First Indicator Second Indicator Subfields
LEADER 00000cam a2200000 a 4500
001 in00001406513
005 20151020072734.0
008 980326s1998 enka b 001 0 eng d
020 |a 0471963380 
035 |a (OCoLC)38855494 
035 |9 AHQ3453AM 
040 |a NTE  |c NTE  |d TXA  |d UtOrBLW 
049 |a TXAM 
090 |a TK5105.35  |b .P38 1998 
100 1 |a Pattavina, Achille. 
245 1 0 |a Switching theory :  |b architecture and performance in broadband ATM networks /  |c Achille Pattavina. 
264 1 |a Chichester, West Sussex, England ;  |a New York :  |b J. Wiley,  |c [1998] 
264 4 |c ©1998 
300 |a xvi, 415 pages :  |b illustrations ;  |c 25 cm. 
336 |a text  |b txt  |2 rdacontent 
337 |a unmediated  |b n  |2 rdamedia 
338 |a volume  |b nc  |2 rdacarrier 
504 |a Includes bibliographical references and index. 
650 0 |a Asynchronous transfer mode. 
650 0 |a Broadband communication systems. 
650 0 |a Switching theory. 
650 0 |a Computer network architectures. 
948 |a c:rd 
999 |a MARS 
999 f f |s fbb3d02c-8fa1-36eb-a261-d46908a3899c  |i 714a43ab-f8b6-3d11-92ac-631643bafcea  |t 0 
952 f f |p ric  |a Texas A&M University  |b Rellis Campus  |c Joint Library Facility  |d Remote Storage  |t 0  |e TK5105.35 .P38 1998  |h Library of Congress classification  |i unmediated -- volume  |m A14823313039 
998 f f |a TK5105.35 .P38 1998  |t 0  |l Remote Storage